00325nam a2200133Ia 4500008004100000020001800041082000800059100002400067245001100091260003700102300002000139942001700159999001500176250813s9999 xx 000 0 und d a9789387779341 aSHA aWilliam Shakespeare 0aHamlet aNew ZealandbPrakash Book c2001 a240 p. ; 15 cm. iSHAcAD6SHA c5356d5356